Manifiesto del partido comunista (Registro nro. 7060)
[ vista simple ]
| 000 -LEADER | |
|---|---|
| fixed length control field | 00806 a2200241 4500 |
| 001 - CONTROL NUMBER | |
| control field | 60602 |
| 005 - DATE AND TIME OF LATEST TRANSACTION | |
| control field | 20260407155857.0 |
| 008 - FIXED-LENGTH DATA ELEMENTS--GENERAL INFORMATION | |
| fixed length control field | 260407a2000 arg spa d |
| 003 - CONTROL NUMBER IDENTIFIER | |
| control field | AR-UNSa-BCEJYS |
| 040 ## - CATALOGING SOURCE | |
| Original cataloging agency | AR-UNSa-BCEJYS |
| Language of cataloging | spa |
| Transcribing agency | AR-UNSa-BCEJYS |
| 080 ## - UNIVERSAL DECIMAL CLASSIFICATION NUMBER | |
| Universal Decimal Classification number | 329.15 |
| Common auxiliary subdivision | Corriente comunista |
| 020 ## - INTERNATIONAL STANDARD BOOK NUMBER | |
| International Standard Book Number | 978-84-7030-865-9 |
| 041 ## - LANGUAGE CODE | |
| Language code of text/sound track or separate title | spa |
| 100 1# - MAIN ENTRY--PERSONAL NAME | |
| Personal name | Marx, Karl |
| 245 10 - TITLE STATEMENT | |
| Title | Manifiesto del partido comunista |
| 264 #1 - PRODUCTION, PUBLICATION, DISTRIBUTION, MANUFACTURE, AND COPYRIGHT NOTICE | |
| Place of production, publication, distribution, manufacture | Madrid : |
| Name of producer, publisher, distributor, manufacturer | Biblioteca Nueva |
| Date of production, publication, distribution, manufacture, or copyright notice | 2000 |
| 300 ## - PHYSICAL DESCRIPTION | |
| Extent | 125 p. |
| Dimensions | 21 cm. |
| 505 ## - FORMATTED CONTENTS NOTE | |
| Formatted contents note | 1. Burgueses y proletarios - 2. Proletarios y comunistas - 3. Literatura socialista y cominista - 4. Posición de los comunistas frente a los diversos partidos opositores |
| 590 ## - LOCAL NOTE (RLIN) | |
| Local note | niveau_biblio:m niveau_hierar:0 |
| 700 1# - ADDED ENTRY--PERSONAL NAME | |
| Personal name | Engels, Friedrich |
| 700 1# - ADDED ENTRY--PERSONAL NAME | |
| Personal name | Muñoz, Jacobo |
| 942 ## - ADDED ENTRY ELEMENTS (KOHA) | |
| Koha item type | |
| Withdrawn status | Lost status | Damaged status | Not for loan | Home library | Current library | Shelving location | Date acquired | Total checkouts | Full call number | Barcode | Date last seen | Price effective from | Koha item type | Public note |
|---|---|---|---|---|---|---|---|---|---|---|---|---|---|---|
| Biblioteca Prof. Eusebio Cleto del Rey | Biblioteca Prof. Eusebio Cleto del Rey | 07/04/2026 | 329.15 M392 | L129251 | 07/04/2026 | 07/04/2026 | Libro | RESALTADOR PÁG 14,15,29,30,125 - LÁPIZ EN PÁG 125 |